000 00761nam a22002297a 4500
005 20251108173555.0
008 250721s2005 xx 000 0 ara d
082 1 4 _aط/923.9/وست
100 1 _aوست، دايفيد
_eمؤلف
245 1 0 _aكريستوفر كولومبس : قصة حياة رائد ملاح و مستكشف /
246 1 1 _achristopher columbus
264 1 _aالقاهره :
_bدار الفاروق،
_c2005.
300 _a47ص.
490 0 _aسلسلة المشاهير العالمية
650 1 7 _aالتراجم
650 1 7 _aالمستكشفون
653 _aناشئون كبار 15-18 سنة
700 1 _aجاف، جاكي
_eمؤلف
700 1 _aواتن، روس
_eرسام
942 _2ddc
_cBK
999 _c107160
_d107160